SSC Napoli Squad 2023-2024 - Statistics

General Stats
  • This quiz has been taken 285 times
    196 since last reset
  • The average score is 23 of 33
Answer Stats
# Position Nation Player % Correct
1 GK Italy Alex Meret
96%
9 FW Nigeria Victor Osimhen
96%
77 FW Georgia Khvicha Kvaratskhelia
90%
6 DF Portugal Mário Rui
89%
68 MF Slovakia Stanislav Lobotka
89%
99 MF Cameroon André-Frank Zambo Anguissa
88%
5 DF Brazil Juan Jesus
87%
7 MF North Macedonia Eljif Elmas
86%
21 FW Italy Matteo Politano
85%
13 DF Kosovo Amir Rrahmani
84%
22 DF Italy Giovanni Di Lorenzo
84%
20 MF Poland Piotr Zieliński
84%
4 MF Germany Diego Demme
79%
81 FW Italy Giacomo Raspadori
79%
17 DF Uruguay Mathías Olivera
79%
18 FW Argentina Giovanni Simeone
77%
3 DF Brazil Natan
72%
- Coach France Rudi García
72%
55 DF Norway Leo Østigård
70%
29 MF Denmark Jesper Lindstrøm
68%
- Coach Italy Walter Mazzarri
67%
24 MF Sweden Jens Cajuste
66%
- Coach Italy Francesco Calzona
62%
95 GK Italy Pierluigi Gollini
58%
8 MF Ivory Coast Hamed Junior Traorè
57%
26 FW Belgium Cyril Ngonge
55%
32 MF Belgium Leander Dendoncker
55%
70 MF Italy Gianluca Gaetano
52%
59 DF Italy Alessandro Zanoli
46%
30 DF Italy Pasquale Mazzocchi
43%
23 FW Italy Alessio Zerbin
40%
14 GK Italy Nikita Contini
40%
16 GK Poland Hubert Idasiak
35%
No matching quizzes found
Score Distribution
Percent of People with Each Score
Percentile by Number Answered
Your Score History
You have not taken this quiz since the last reset